000
00326nam a22001217a 4500
040
_c
SY
082
_a
571
100
_a
KUY SOPHAL; គួយ សុផល
245
_a
Weed science; វិទ្យាសាស្រ្តរុក្ខជាតិចង្រៃ
260
_a
RUA
_b
KUY
_c
1994
300
_a
47p.
942
_c
KB
999
_c
9307
_d
9307